<?xml version="1.0" encoding="UTF-8"?>
<record
    xmlns:xsi="http://www.w3.org/2001/XMLSchema-instance"
    xsi:schemaLocation="http://www.loc.gov/MARC21/slim http://www.loc.gov/standards/marcxml/schema/MARC21slim.xsd"
    xmlns="http://www.loc.gov/MARC21/slim">

  <leader>00919    a2200157   4500</leader>
  <datafield tag="020" ind1=" " ind2=" ">
    <subfield code="a">848977109X</subfield>
  </datafield>
  <datafield tag="082" ind1=" " ind2=" ">
    <subfield code="a">709.946</subfield>
    <subfield code="b">AR786d2</subfield>
  </datafield>
  <datafield tag="100" ind1=" " ind2=" ">
    <subfield code="a">Carrillo, Jess&#x360;; Noriega Estella, Ignacio y Mers&#x300;-Garca&#x315;, Lidia</subfield>
    <subfield code="9">300</subfield>
  </datafield>
  <datafield tag="245" ind1=" " ind2=" ">
    <subfield code="a">Desacuerdos 2</subfield>
  </datafield>
  <datafield tag="250" ind1=" " ind2=" ">
    <subfield code="a">Desacuerdos 2 es el segundo columen de la serie de publicaciones que divulgan los contenidos que ha producido la investigacin&#x324; emprendida en enero de 2003.</subfield>
  </datafield>
  <datafield tag="300" ind1=" " ind2=" ">
    <subfield code="a">263p</subfield>
    <subfield code="c">24cm</subfield>
  </datafield>
  <datafield tag="440" ind1=" " ind2=" ">
    <subfield code="a">Desacuerdos</subfield>
    <subfield code="9">243</subfield>
  </datafield>
  <datafield tag="505" ind1=" " ind2=" ">
    <subfield code="t">Contrahegemona&#x315; y desacuerdos.</subfield>
    <subfield code="t">Ln&#x315;ea de fuerza.  Banalidad y biopolt&#x315;ica: La transicin&#x324; espa&#x1EB;la y el nuevo orden del mundo.</subfield>
    <subfield code="t">Caso de estudio. Polt&#x315;ica cultural del gobierno espa&#x1EB;l en el exterior (2000-2004).</subfield>
    <subfield code="t">Aleph, la web como espacio de accin&#x324; paralela.</subfield>
    <subfield code="t">1969-... Feminismos y prc&#x300;ticas colaborativas globalizacin&#x324; desde abajo.</subfield>
    <subfield code="t">Entrevista. Beatriz Preciado.</subfield>
  </datafield>
  <datafield tag="650" ind1=" " ind2=" ">
    <subfield code="a">Arte</subfield>
    <subfield code="v">Cultura espa&#x1EB;la</subfield>
    <subfield code="9">244</subfield>
  </datafield>
  <datafield tag="651" ind1=" " ind2=" ">
    <subfield code="a">Espa&#x105;</subfield>
    <subfield code="9">81</subfield>
  </datafield>
  <datafield tag="999" ind1=" " ind2=" ">
    <subfield code="c">54</subfield>
    <subfield code="d">54</subfield>
  </datafield>
  <datafield tag="952" ind1=" " ind2=" ">
    <subfield code="0">0</subfield>
    <subfield code="1">0</subfield>
    <subfield code="2">ddc</subfield>
    <subfield code="4">0</subfield>
    <subfield code="7">0</subfield>
    <subfield code="a">LV</subfield>
    <subfield code="b">LV</subfield>
    <subfield code="c">Pensamiento</subfield>
    <subfield code="d">2014-04-08</subfield>
    <subfield code="l">0</subfield>
    <subfield code="o">709.946 AR786d2</subfield>
    <subfield code="p">000067</subfield>
    <subfield code="r">2014-04-08 00:00:00</subfield>
    <subfield code="w">2014-04-08</subfield>
    <subfield code="y">01</subfield>
  </datafield>
</record>
